00569nam a2200241Ia 4500008004000000041000800040082001800048100001800066245007300084260004100157300001600198650001200214650000800226650001000234650000700244650001700251650000800268650001200276650001500288650000900303650000900312650000600321210210b1998 xxu||||| |||| 00| 0 eng d aeng a954.023K JOSM aJOSHI (Di Ti) aMadhyayugina bharathada itihasa ( kri sha 1206 rinda 1707 ra varege) aGadaga.bVidyanidhi Prakashanac1998 aviii,208,iv avarege) asha arinda ara aMadhyayugina akri aitihasa abharathada a1707 a1206 a(